Lokalizácia Call Center na globálnom trhu diplomová práca

Na minha lista:
Detalhes bibliográficos
Autor principal: Bodnárová, Jana
Autor Corporativo: Obchodná fakulta EU. Katedra medzinárodného obchodu
Outros Autores: Ferenčíková, Soňa, 1960-
Formato: Livro
Idioma:eslovaco
Publicado em: Bratislava 2008
Tags: Adicionar Tag
Sem tags, seja o primeiro a adicionar uma tag!

MARC

LEADER 00000nam$a2200000$$$4500
001 0085715
005 20240201115452.9
041 0 |a slo 
044 |a SK 
245 1 0 |a Lokalizácia Call Center na globálnom trhu  |b diplomová práca  |c Jana Bodnárová ; škol. Soňa Ferenčíková 
264 1 |a Bratislava  |c 2008 
300 |a 83 s. 
100 1 |a Bodnárová, Jana 
700 1 |a Ferenčíková, Soňa, 1960- 
710 2 |a Obchodná fakulta EU. Katedra medzinárodného obchodu